Les propriétés du Monopoly Lille 2013 - Statistiques

Statistiques générales
  • Ce quiz a été pris 51 fois
  • Le résultat moyen est 12 sur 26
Statistiques - réponses
Hint Réponse % Correct
Gares Gare Lille-{Flandres}
100%
Gares Gare Lille-{Europe}
97%
Jaune Place du général {de Gaulle}
92%
Gares Station Porte des {Postes}
87%
Jaune Avenue du Peuple {belge}
82%
Gares Aéroport de {Lille}
79%
Bleu ciel Boulevard Jean-Baptiste {Lebas}
76%
Rouge Boulevard de la {Liberté}
66%
Violet Rue Léon {Gambetta}
66%
Vert Vieille {Bourse}
66%
Vert Nouveau {siècle}
53%
Orange Boulevard {Vauban}
50%
Rouge Place Louise de {Bettignies}
50%
Jaune Place {Rihour}
37%
Vert Rue de la {Monnaie}
37%
Marron Rue de {Wazemmes}
29%
Bleu Rue {Esquermoise}
29%
Orange Rue {Faidherbe}
21%
Marron Rue {Masséna}
16%
Violet Place {Sébastopol}
13%
Rouge Rue Saint-{André}
13%
Violet Rue de {Gand}
11%
Bleu Rue de la Grande {Omaha} beach
8%
Bleu ciel Boulevard des {Cités Unies}
5%
Bleu ciel Place {Déliot}
5%
Orange Rue {Natjonale}
0%
Aucun quiz correspondant
Distribution des résultats
% des personnes avec chaque résultat
Percentile par nombre de réponses
Votre historique - résultats
Vous n’avez pas pris ce quiz